000 00611nam a2200241Ia 4500
001 39302
005 20240114002047.0
007 ta
008 070818s a g b000 u 297 u
040 _aCotton College,Assam
041 _a297
082 _a297.1
_bBe 398 Al
100 _aAhmed, Shawaki .
245 0 _aAl Shawaqwat /
_cShawaki Ahmed.
_hTextual Documents
250 _a1st ed. /
260 _aEgypt :
_bKarbul Kahi Raat ,
_cNd.
300 _a198p. :
_bill ;
_c22cm .
653 _aArabic Poetry
653 _aG-Arabic
942 _2ddc
_cBK
999 _c39274
_d39274